| 000 | 00889nam a2200277 a 4500 | ||
|---|---|---|---|
| 001 | 000048850 | ||
| 005 | 20200120222618.0 | ||
| 008 | 090513s2011 sp a er0 0 f spa d | ||
| 020 | _a9788437606323 | ||
| 090 |
_aAN _bTOLa Cátedra |
||
| 100 | 0 | _aTolstói, León | |
| 245 | 1 | 0 |
_aAnna Karénina / _cLev Tolstói; edición de Josefina Pérez Sacristán; traducción de L. Sureda y A. Santiago, revisada y corregida por Manuel Gisbert. |
| 250 | _a12a. ed. | ||
| 260 |
_aMadrid : _bCátedra, _c2011. |
||
| 300 | _a999 p. | ||
| 490 | 0 |
_aLetras universales _v47 |
|
| 650 | 1 | 4 | _aLiteratura rusa |
| 650 | 2 | 4 | _aNovela rusa |
| 650 | 2 | 4 | _aLiteratura adulto |
| 650 | 2 | 4 | _aMaestros en la literatura |
| 650 | 2 | 4 | _aAlumnos en la literatura |
| 700 | 1 |
_aSureda, L. de, _etr. |
|
| 700 | 1 |
_aSantiago, A., _etr. |
|
| 700 | 1 |
_aGisbert, Manuel, _erev. |
|
| 700 | 1 |
_aPérez Sacristán, Josefina, _eed. |
|
| 999 |
_c3191 _d3191 |
||